Statistics for Countries of Africa in Alphabetical Order

Click here to take the quiz!

General Stats

  • This quiz has been taken 4,051 times
    (2,884 since last reset)
  • The average score is 45 of 54

Answer Stats

Country% Correct
AAlgeria
98%
AAngola
96%
BBenin
93%
BBotswana
92%
BBurundi
90%
CCameroon
90%
DDjibouti
89%
KKenya
89%
CChad
88%
BBurkina Faso
87%
EEritrea
87%
EEthiopia
87%
GGabon
87%
RRwanda
87%
ZZambia
87%
ZZimbabwe
87%
DDemocratic Republic of
the Congo
86%
EEgypt
86%
NNiger
86%
NNigeria
86%
UUganda
86%
CCape Verde
85%
EEswatini
85%
GGhana
85%
GGuinea
85%
LLiberia
85%
LLibya
85%
MMali
85%
CComoros
84%
GGuinea-Bissau
84%
IIvory Coast
84%
LLesotho
84%
MMadagascar
84%
CCentral African
Republic
83%
GGambia
83%
NNamibia
83%
TTanzania
83%
MMauritania
82%
EEquatorial Guinea
81%
MMauritius
81%
SSouth Sudan
80%
TTogo
80%
MMalawi
79%
MMozambique
79%
SSudan
79%
MMorocco
78%
TTunisia
78%
SSenegal
77%
SSomalia
75%
SSouth Africa
75%
SSão Tomé and
Principe
74%
SSeychelles
74%
RRepublic of
the Congo
70%
SSierra Leone
69%

Score Distribution

Percentile by Number Answered

Percent of People with Each Score

Your Score History

You have not taken this quiz since the last reset